[Event "Wch U14 Girls"]
[Site "Maribor"]
[Date "2012.11.18"]
[Round "11.19"]
[White "Zahn, Alina"]
[Black "Gologorsky, Rachel Gita"]
[Result "1-0"]
[WhiteElo "1863"]
[BlackElo "1979"]
[PlyCount "69"]
[EventDate "2012.11.08"]
[EventType "swiss"]
[EventRounds "11"]
[EventCountry "SLO"]
[SourceTitle "EXT 2013"]
[Source "ChessBase"]
[SourceDate "2012.11.22"]
[SourceVersion "1"]
[SourceVersionDate "2012.11.22"]
[SourceQuality "1"]

1. e4 Nf6 2. e5 Nd5 3. c4 Nb6 4. d4 d6 5. exd6 cxd6 6. Nc3 g6 7. Be3 Bg7 8. Rc1 0-0 9. b3 f5 10. d5 e5 11. dxe6 f4 12. Bd4 Bxd4 13. Qxd4 Nc6 14. Qd2 Bxe6 15. Rd1 Qf6 16. Nf3 Bg4 17. Be2 Rae8 18. 0-0 Rxe2 19. Nxe2 Bxf3 20. gxf3 Qh4 21. Kh1 Qh3 22. Ng1 Qh4 23. Ne2 Ne5 24. Nd4 Qh3 25. Qe2 Nc8 26. Rg1 Ne7 27. Rg2 Rf6 28. c5 Qd7 29. cxd6 Qxd6 30. Nf5 Qe6 31. Rd8+ Rf8 32. Nh6+ Kg7 33. Rxf8 Kxf8 34. Rg5 N7c6 35. Ng4 1-0

[Event "North American-ch U12 Girls"]
[Site "Montreal"]
[Date "2010.08.19"]
[Round "7"]
[White "Gologorsky, Rachel Gita"]
[Black "Herrera Ibarrola, Maria Fernanda"]
[Result "1-0"]
[WhiteElo "1769"]
[BlackElo "1047"]
[PlyCount "123"]
[EventDate "2010.08.16"]
[EventType "swiss"]
[EventRounds "7"]
[EventCountry "CAN"]
[SourceTitle "EXT 2013"]
[Source "ChessBase"]
[SourceDate "2012.11.22"]
[SourceVersion "1"]
[SourceVersionDate "2012.11.22"]
[SourceQuality "1"]

1. e4 g6 2. d4 Bg7 3. Nc3 d6 4. Be3 Nf6 5. h3 0-0 6. Qd2 Re8 7. 0-0-0 Nc6 8. f4 b6 9. Bb5 Bd7 10. g4 e5 11. dxe5 dxe5 12. g5 Nxe4 13. Nxe4 exf4 14. Qxd7 Qxd7 15. Rxd7 Nb8 16. Rxc7 Rxe4 17. Rc8+ Bf8 18. Bd2 a5 19. Bc6 Rc4 20. Rxf8+ Kxf8 21. Bxa8 Ra4 22. Bd5 Nd7 23. Nf3 Kg8 24. b3 Rb4 25. Bxb4 axb4 26. Re1 Kf8 27. Ne5 Nc5 28. Nxf7 Na6 29. Nd6 Nc7 30. Re8+ Nxe8 31. Nxe8 Kxe8 32. Kd2 Ke7 33. Ke2 Kd6 34. Bg8 Ke5 35. Kf3 Kf5 36. h4 Ke5 37. Bxh7 Kf5 38. Bxg6+ Kxg6 39. Kxf4 b5 40. Kg4 Kg7 41. Kf5 Kf7 42. g6+ Kg7 43. Kg5 Kg8 44. Kh6 Kh8 45. g7+ Kg8 46. h5 Kf7 47. Kh7 Kf6 48. g8Q Ke5 49. Qg4 Kd5 50. Qf4 Ke6 51. Qg5 Kd6 52. Qf5 Ke7 53. Qg6 Kd7 54. Qf6 Kc7 55. Qe6 Kb7 56. Qd6 Ka7 57. Qc6 Kb8 58. Qd7 Ka8 59. Kg6 Kb8 60. h6 Ka8 61. h7 Kb8 62. h8R# 1-0

[Event "North American-ch U12 Girls"]
[Site "Montreal"]
[Date "2010.08.18"]
[Round "5"]
[White "Gologorsky, Rachel Gita"]
[Black "Peng, Jackie"]
[Result "1-0"]
[WhiteElo "1769"]
[BlackElo "1563"]
[PlyCount "77"]
[EventDate "2010.08.16"]
[EventType "swiss"]
[EventRounds "7"]
[EventCountry "CAN"]
[SourceTitle "EXT 2013"]
[Source "ChessBase"]
[SourceDate "2012.11.22"]
[SourceVersion "1"]
[SourceVersionDate "2012.11.22"]
[SourceQuality "1"]

1. e4 d6 2. d4 Nf6 3. Bd3 Nbd7 4. Ne2 e5 5. c3 Be7 6. f4 b6 7. Ng3 Bb7 8. 0-0 0-0 9. Nd2 Re8 10. Qb3 exd4 11. cxd4 d5 12. e5 Ng4 13. h3 Nh6 14. Qc2 Nf8 15. f5 f6 16. e6 c5 17. Bb5 Qd6 18. Bxe8 Qxg3 19. Bh5 cxd4 20. Nf3 Ba6 21. Rd1 Bc5 22. Qa4 Be2 23. Bxh6 Bxf3 24. Bxf3 d3+ 25. Kh1 Bd6 26. Kg1 Qh2+ 27. Kf2 gxh6 28. Qg4+ Kh8 29. Bxd5 Bc5+ 30. Kf3 Qe5 31. Qe4 Qxb2 32. Bxa8 Qf2+ 33. Kg4 Ng6 34. fxg6 hxg6 35. Qxg6 Qe2+ 36. Bf3 Qxe6+ 37. Kh4 Be3 38. Be4 Bg5+ 39. Kh5 1-0

[Event "North American-ch U12 Girls"]
[Site "Montreal"]
[Date "2010.08.17"]
[Round "4"]
[White "Sametova, Zhanna"]
[Black "Gologorsky, Rachel Gita"]
[Result "0-1"]
[WhiteElo "1255"]
[BlackElo "1769"]
[PlyCount "82"]
[EventDate "2010.08.16"]
[EventType "swiss"]
[EventRounds "7"]
[EventCountry "CAN"]
[SourceTitle "EXT 2013"]
[Source "ChessBase"]
[SourceDate "2012.11.22"]
[SourceVersion "1"]
[SourceVersionDate "2012.11.22"]
[SourceQuality "1"]

1. e4 c5 2. Nf3 d6 3. d4 cxd4 4. Nxd4 Nf6 5. Nc3 Nc6 6. Bg5 e6 7. Qd2 a6 8. 0-0-0 Bd7 9. Be2 b5 10. f4 Qa5 11. Nb3 Qc7 12. e5 dxe5 13. Bxf6 gxf6 14. Ne4 Be7 15. Nbc5 Nd4 16. Nxd7 Qxd7 17. fxe5 fxe5 18. Bh5 Qc6 19. Qf2 Qxe4 20. Bxf7+ Kd7 21. Rxd4+ Qxd4 22. Rd1 Bg5+ 23. Rd2 Qxd2+ 24. Qxd2+ Bxd2+ 25. Kxd2 Raf8 26. Bh5 Rf2+ 27. Kd3 Rxg2 28. Bf3 Rxh2 29. Be4 h5 30. b3 h4 31. Bb7 h3 32. a4 Rd8 33. Kc3 Kc7 34. Be4 Rdd2 35. axb5 axb5 36. Kb2 Rhg2 37. Ka3 h2 38. c4 h1Q 39. Kb4 bxc4 40. bxc4 Rb2+ 41. Kc5 Qg1# 0-1

[Event "North American-ch U12 Girls"]
[Site "Montreal"]
[Date "2010.08.16"]
[Round "2"]
[White "Ding, Kimberly"]
[Black "Gologorsky, Rachel Gita"]
[Result "0-1"]
[WhiteElo "1864"]
[BlackElo "1769"]
[PlyCount "70"]
[EventDate "2010.08.16"]
[EventType "swiss"]
[EventRounds "7"]
[EventCountry "CAN"]
[SourceTitle "EXT 2013"]
[Source "ChessBase"]
[SourceDate "2012.11.22"]
[SourceVersion "1"]
[SourceVersionDate "2012.11.22"]
[SourceQuality "1"]

1. e4 c5 2. Nf3 d6 3. d4 cxd4 4. Nxd4 Nf6 5. Nc3 Nc6 6. Be3 Ng4 7. Bg5 Qb6 8. Be2 Nxd4 9. Nd5 Qc5 10. b4 Nxc2+ 11. Kd2 Nxb4 12. Qa4+ Bd7 13. Qxb4 Qxb4+ 14. Nxb4 Nxf2 15. Bf3 Nxh1 16. Rxh1 e6 17. a3 Be7 18. Be3 0-0 19. g4 d5 20. exd5 Bxb4+ 21. axb4 exd5 22. h4 Bc6 23. Bd4 a5 24. bxa5 Rxa5 25. g5 Ra2+ 26. Ke3 Re8+ 27. Kf4 Ra4 28. Rd1 Rc4 29. h5 Re6 30. Kg3 h6 31. gxh6 Rxh6 32. Be5 d4 33. Be2 Rc2 34. Bg4 Rg2+ 35. Kh3 f5 0-1